000 00572nam a2200205Ia 4500
003 OSt
005 20220926044739.0
006 a|||||r|||| 00| 0
007 ta
008 220923b |||||||| |||| 00| 0 eng d
037 _cGeneral Book
040 _aRTL
_cRTL
_beng
041 _2eng
_aeng
082 _aX655.530k73.N6, K5
100 _aJohnstone Allan W
_9349385
245 0 _aUnited States direct investment in France
_b AN inve
260 _c1965
942 _hX655.530k73.N6, K5
_cGB
_2CC
999 _c675688
_d675688